Formel 1 Podium 1993 - Statistiken

Allgemein
  • Dieses Quiz wurde 156 mal gespielt
  • Das Durchschnittsergebnis liegt bei 7 aus 11
Antwortstatistiken
Antwort % Korrekt
Ayrton Senna
97%
Michael Schumacher
95%
Alain Prost
93%
Damon Hill
79%
Gerhard Berger
77%
Jean Alesi
63%
Mika Häkkinen
61%
Riccardo Patrese
49%
Martin Brundle
40%
Mark Blundell
30%
Michael Andretti
17%
Keine übereinstimmenden Quizze gefunden
Verteilung der Resultate
Anzahl Personen mit jedem Resultat
Perzentil nach korrekt beantworteten Fragen
Ihre Resultats-Entwicklung
Sie haben dieses Quiz noch nicht gespielt